000 00619nam a2200229Ia 4500
003 OSt
005 20220928140648.0
006 a|||||r|||| 00| 0
007 ta
008 220927b |||||||| |||| 00| 0 eng d
024 _a10691
037 _cTextual
040 _aSDCL
_cSDCL
_beng
041 _2eng
_aeng
082 _aB2812, N2
100 _aGrimmett G R
_9496728
245 0 _aProbability and random processes.
_b Problems and solutions.
260 _c1992
700 _a Stirzaker D R
_9496729
942 _hB2812, N2
_cTEXL
_2CC
999 _c813163
_d813163